| 000 | 00385nam a22001571c 4500 | ||
|---|---|---|---|
| 001 | a987684370 | ||
| 008 | 051003s1972 gw |||| 000u eng d | ||
| 041 | _aeng | ||
| 100 | 1 | _aJasny, Naum | |
| 245 | 0 | 0 |
_aSoviet Economists of the Twenties : _bNames to be Remembered |
| 264 |
_aCambridge, _c1972 |
||
| 300 | _a217 S. Oln. | ||
| 942 | _cMG | ||
| 040 | _cRU-10907106 | ||
| 003 | RU-10907106 | ||
| 999 |
_c3701 _d3701 |
||